Normal view
MARC view
- Niazi, Khawar
Entry Personal Name
001 - CONTROL NUMBER
- control field: 111471
003 - CONTROL NUMBER IDENTIFIER
- control field: NUST
005 - DATE AND TIME OF LATEST TRANSACTION
- control field: 20230327133042.0
008 - FIXED-LENGTH DATA ELEMENTS
- fixed length control field: 230327|| aca||aabn | a|a d
040 ## - CATALOGING SOURCE
- Original cataloging agency: NUST
- Transcribing agency: NUST
100 ## - HEADING--PERSONAL NAME
- Personal name: Niazi, Khawar
670 ## - SOURCE DATA FOUND
- Source citation: Work cat.: (NUST)189157: Niazi, Khawar, Apne Taaqub ma / , 1999
